March 11th: Birthdays - Statistics

General Stats
  • This quiz has been taken 4 times
  • The average score is 2 of 6
Answer Stats
Year Clue Answer % Correct
1916 British Prime Minister Harold Wilson
75%
1931 Austalia-born American media mogul Rupert Murdoch
50%
1982 Actress who was in American Beauty Thora Birch
50%
1952 English Author Douglas Adams
0%
1903 Created Silica James Franklin Hyde
0%
1926 Civil Rights Leader Ralph Abernathy
0%
No matching quizzes found
Score Distribution
Percent of People with Each Score
Percentile by Number Answered
Your Score History
You have not taken this quiz